00389nam a2200133 a 4500008004100000050001700041100001500058245003900073260008600112300000900198350000900207650002200216650001700238091203s1999 ||||||||||||||||| || u aPAPERS/STAFF aChelemu, G12aA bibliographic network for Zambia aKitwebCopperbelt University, Department of Library and Information Studiesc1999 a15p. a0.00 aNETWORK OPERATION aBIBLIOGRAPHY